| 000 | 08026nam a22011895i 4500 | ||
|---|---|---|---|
| 005 | 20230718140250.0 | ||
| 006 | m|||||o||d|||||||| | ||
| 007 | cr || |||||||| | ||
| 008 | 221201t20142014gw fo d z ger d | ||
| 019 | _a(OCoLC)890000041 | ||
| 020 | _a9783839426494 | ||
| 040 |
_aDE-B1597 _beng _cDE-B1597 _erda |
||
| 041 | 0 | _ager | |
| 084 |
_aRB 10609 _2rvk |
||
| 245 | 0 | 0 |
_aRäume und Identitäten in Grenzregionen : _bPolitiken - Medien - Subjekte / _chrsg. von Christian Wille, Rachel Reckinger, Sonja Kmec, Markus Hesse. |
| 250 | _a1. Aufl. | ||
| 264 | 1 |
_aBielefeld : _btranscript Verlag, _c[2014] |
|
| 264 | 4 | _c©2014 | |
| 300 | _a1 online resource (400 p.) | ||
| 336 |
_atext _btxt _2rdacontent |
||
| 337 |
_acomputer _bc _2rdamedia |
||
| 338 |
_aonline resource _bcr _2rdacarrier |
||
| 347 |
_atext file _bPDF _2rda |
||
| 490 | 0 | _aKultur und soziale Praxis | |
| 505 | 0 | 0 |
_tFrontmatter -- _tInhalt -- _t1. Zur Untersuchung von Raum- und Identitätskonstruktionen in Grenzregionen -- _t2. Theoretische und methodische Annäherungen an Grenzen, Räume und Identitäten -- _t3. Raum- und Identitätskonstruktionen durch institutionelle Praktiken -- _t4. Raum- und Identitätskonstruktionen durch mediale Praktiken -- _t5. Raum- und Identitätskonstruktionen durch alltagskulturelle Praktiken -- _t6. »Luxemburg ist das Singapur des Westens« - ein Ausblick -- _t7. Interviewleitfaden -- _t8. Autor/-innenverzeichnis |
| 506 | 0 |
_funrestricted online access _2star |
|
| 520 | _aDie Raum- und Identitätsforschung arbeitet mit Unterscheidungen und Relationen. Diese sind als heuristische Instrumente besonders in Grenzregionen gewinnbringend, wenn soziale und geopolitische Markierungen auseinanderfallen.Die Beiträge des Bandes setzen hier an. Anhand empirischer Erhebungen in Deutschland, Frankreich, Belgien und Luxemburg untersuchen sie Raum- und Identitätskonstruktionen in grenzüberschreitenden Bezügen, wie sie sich in alltäglichen, institutionellen und medialen Praktiken manifestieren. Die Ergebnisse werden mit sensiblem Blick für quer liegende Räume und Identitäten diskutiert und an gouvernementale Fragen der Normierung und Subjektivierung rückgebunden. | ||
| 520 | _aEmpirical inquiries about space and identity as a result of social practice in the border regions between Germany, France, Belgium, and Luxembourg. | ||
| 538 | _aMode of access: Internet via World Wide Web. | ||
| 540 |
_aThis eBook is made available Open Access under a CC BY-NC-ND 4.0 license: _uhttps://creativecommons.org/licenses/by-nc-nd/4.0 _uhttps://www.degruyter.com/dg/page/open-access-policy |
||
| 546 | _aIn German. | ||
| 588 | 0 | _aDescription based on online resource; title from PDF title page (publisher's Web site, viewed 01. Dez 2022) | |
| 650 | 0 |
_aBorderlands _xPolitical aspects _zEurope. |
|
| 650 | 0 |
_aBorderlands _xSocial aspects _zEurope. |
|
| 650 | 0 |
_aGroup identity _zEurope. |
|
| 650 | 0 |
_aRegionalism _zEurope. |
|
| 650 | 4 | _aEuropa. | |
| 650 | 4 | _aGesellschaft. | |
| 650 | 4 | _aGrenze. | |
| 650 | 4 | _aInterkulturalität. | |
| 650 | 4 | _aKultur. | |
| 650 | 4 | _aKulturanthropologie. | |
| 650 | 4 | _aKultursoziologie. | |
| 650 | 4 | _aRaum. | |
| 650 | 7 |
_aSOCIAL SCIENCE / Anthropology / Cultural & Social. _2bisacsh |
|
| 653 | _aBorder. | ||
| 653 | _aCultural Anthropology. | ||
| 653 | _aCulture. | ||
| 653 | _aEurope. | ||
| 653 | _aInterculturalism. | ||
| 653 | _aSociety. | ||
| 653 | _aSociology of Culture. | ||
| 653 | _aSpace. | ||
| 700 | 1 |
_aAmann, Wilhelm, _econtributor. _4ctb _4https://id.loc.gov/vocabulary/relators/ctb |
|
| 700 | 1 |
_aBaltes-Löhr, Christel, _econtributor. _4ctb _4https://id.loc.gov/vocabulary/relators/ctb |
|
| 700 | 1 |
_aBatyko, Brigitte, _econtributor. _4ctb _4https://id.loc.gov/vocabulary/relators/ctb |
|
| 700 | 1 |
_aBelling, Luc, _econtributor. _4ctb _4https://id.loc.gov/vocabulary/relators/ctb |
|
| 700 | 1 |
_aBinsfeld, Andrea, _econtributor. _4ctb _4https://id.loc.gov/vocabulary/relators/ctb |
|
| 700 | 1 |
_aBoesen, Elisabeth, _econtributor. _4ctb _4https://id.loc.gov/vocabulary/relators/ctb |
|
| 700 | 1 |
_aBres, Julia de, _econtributor. _4ctb _4https://id.loc.gov/vocabulary/relators/ctb |
|
| 700 | 1 |
_aCaregari, Laure, _econtributor. _4ctb _4https://id.loc.gov/vocabulary/relators/ctb |
|
| 700 | 1 |
_aCicotti, Claudio, _econtributor. _4ctb _4https://id.loc.gov/vocabulary/relators/ctb |
|
| 700 | 1 |
_aDembeck, Till, _econtributor. _4ctb _4https://id.loc.gov/vocabulary/relators/ctb |
|
| 700 | 1 |
_aDoll, Martin, _econtributor. _4ctb _4https://id.loc.gov/vocabulary/relators/ctb |
|
| 700 | 1 |
_aFaller, Fabian, _econtributor. _4ctb _4https://id.loc.gov/vocabulary/relators/ctb |
|
| 700 | 1 |
_aFelice, Paul di, _econtributor. _4ctb _4https://id.loc.gov/vocabulary/relators/ctb |
|
| 700 | 1 |
_aFranz, Norbert, _econtributor. _4ctb _4https://id.loc.gov/vocabulary/relators/ctb |
|
| 700 | 1 |
_aFreyermuth, Sylvie, _econtributor. _4ctb _4https://id.loc.gov/vocabulary/relators/ctb |
|
| 700 | 1 |
_aGelberg, Johanna M., _econtributor. _4ctb _4https://id.loc.gov/vocabulary/relators/ctb |
|
| 700 | 1 |
_aGlesener, Jeanne, _econtributor. _4ctb _4https://id.loc.gov/vocabulary/relators/ctb |
|
| 700 | 1 |
_aHeimböckel, Dieter, _econtributor. _4ctb _4https://id.loc.gov/vocabulary/relators/ctb |
|
| 700 | 1 |
_aHesse, Markus, _econtributor. _4ctb _4https://id.loc.gov/vocabulary/relators/ctb |
|
| 700 | 1 |
_aHesse, Markus, _eeditor. _4edt _4http://id.loc.gov/vocabulary/relators/edt |
|
| 700 | 1 |
_aHofmann, Frank, _econtributor. _4ctb _4https://id.loc.gov/vocabulary/relators/ctb |
|
| 700 | 1 |
_aKlos, Eva, _econtributor. _4ctb _4https://id.loc.gov/vocabulary/relators/ctb |
|
| 700 | 1 |
_aKmec, Sonja, _econtributor. _4ctb _4https://id.loc.gov/vocabulary/relators/ctb |
|
| 700 | 1 |
_aKmec, Sonja, _eeditor. _4edt _4http://id.loc.gov/vocabulary/relators/edt |
|
| 700 | 1 |
_aKreutz, Bernhard, _econtributor. _4ctb _4https://id.loc.gov/vocabulary/relators/ctb |
|
| 700 | 1 |
_aKreutzer, Elena, _econtributor. _4ctb _4https://id.loc.gov/vocabulary/relators/ctb |
|
| 700 | 1 |
_aMauer, Heike, _econtributor. _4ctb _4https://id.loc.gov/vocabulary/relators/ctb |
|
| 700 | 1 |
_aMillim, Anne-Marie, _econtributor. _4ctb _4https://id.loc.gov/vocabulary/relators/ctb |
|
| 700 | 1 |
_aPettiau, Hérold, _econtributor. _4ctb _4https://id.loc.gov/vocabulary/relators/ctb |
|
| 700 | 1 |
_aPrüm, Agnès, _econtributor. _4ctb _4https://id.loc.gov/vocabulary/relators/ctb |
|
| 700 | 1 |
_aReckinger, Rachel, _econtributor. _4ctb _4https://id.loc.gov/vocabulary/relators/ctb |
|
| 700 | 1 |
_aReckinger, Rachel, _eeditor. _4edt _4http://id.loc.gov/vocabulary/relators/edt |
|
| 700 | 1 |
_aSchall, Céline, _econtributor. _4ctb _4https://id.loc.gov/vocabulary/relators/ctb |
|
| 700 | 1 |
_aSchnuer, Gregor, _econtributor. _4ctb _4https://id.loc.gov/vocabulary/relators/ctb |
|
| 700 | 1 |
_aSchulz, Benno Sönke, _econtributor. _4ctb _4https://id.loc.gov/vocabulary/relators/ctb |
|
| 700 | 1 |
_aSieburg, Heinz, _econtributor. _4ctb _4https://id.loc.gov/vocabulary/relators/ctb |
|
| 700 | 1 |
_aThommes, Gianna, _econtributor. _4ctb _4https://id.loc.gov/vocabulary/relators/ctb |
|
| 700 | 1 |
_aVarga, Mónika, _econtributor. _4ctb _4https://id.loc.gov/vocabulary/relators/ctb |
|
| 700 | 1 |
_aWaltzer, Lucie, _econtributor. _4ctb _4https://id.loc.gov/vocabulary/relators/ctb |
|
| 700 | 1 |
_aWeimann, Britta, _econtributor. _4ctb _4https://id.loc.gov/vocabulary/relators/ctb |
|
| 700 | 1 |
_aWille, Christian, _econtributor. _4ctb _4https://id.loc.gov/vocabulary/relators/ctb |
|
| 700 | 1 |
_aWille, Christian, _eeditor. _4edt _4http://id.loc.gov/vocabulary/relators/edt |
|
| 700 | 1 |
_aZimmermann, Julia Maria, _econtributor. _4ctb _4https://id.loc.gov/vocabulary/relators/ctb |
|
| 776 | 0 |
_cprint _z9783837626490 |
|
| 856 | 4 | 0 |
_uhttps://doi.org/10.1515/transcript.9783839426494?locatt=mode:legacy _zOpen Access _70 |
| 856 | 4 | 0 |
_uhttps://www.degruyter.com/isbn/9783839426494 _zOpen Access _70 |
| 856 | 4 | 2 |
_3Cover _uhttps://www.degruyter.com/document/cover/isbn/9783839426494/original |
| 942 | _cE-BOOK | ||
| 999 |
_c69864 _d69863 |
||